000 00925nam a2200253Ia 4500
003 OSt
005 20220923225102.0
006 a|||||r|||| 00| 0
007 ta
008 220922b |||||||| |||| 00| 0 hin d
024 _a256,919
037 _cTextual
040 _aARTS
_cARTS
_bhin
041 _2hin
_ahin
082 _a2:55, 152N4
100 _aशर्मा, महेन्द्रनाथ
245 0 _aद्विबिन्दु वर्गीकरण सामान्य परिचय
246 _aDvibindu vargīkaraṇ sāmānya parichaya
260 _aजयपुर
_b पंचशील प्रकाशन
_c1994
300 _a206पृ.
_ccm.
650 _aपुस्तकालय-सूचना प्रौद्योगिकी
_9158639
942 _h2:55, 152N4
_cTEXL
_2CC
999 _c375938
_d375938